Voice User Interface Design /

This book is a comprehensive and authoritative guide to voice user interface (VUI) design. The VUI is perhaps the most critical factor in the success of any automated speech recognition (ASR) system, determining whether the user experience will be satisfying or frustrating, or even whether the custo...

Full description

Bibliographic Details
Main Authors: Cohen, Michael (Author), Giangola, James (Author), Balogh, Jennifer (Author)
Corporate Author: Safari, an O'Reilly Media Company
Format: eBook
Language:English
Published: Addison-Wesley Professional, 2004.
Edition:1st edition.
Subjects:
Online Access:Connect to this electronic resource

MARC

Tag First Indicator Second Indicator Subfields
LEADER 00000uam a2200000 a 4500
001 in00004236913
005 20260129161955.3
006 m o d
007 cr cn
008 110513s2004 xx o eng
020 |z 0321185765 
020 |z 9780321185761 
035 |a (CaSebORM)0321185765 
040 |d UtOrBLW 
041 0 |a eng 
100 1 |a Cohen, Michael,  |e author.  |0 http://id.loc.gov/authorities/names/n92078087 
245 1 0 |a Voice User Interface Design /  |c Cohen, Michael. 
250 |a 1st edition. 
264 1 |b Addison-Wesley Professional,  |c 2004. 
300 |a 1 online resource (368 pages) 
336 |a text  |b txt  |2 rdacontent 
337 |a computer  |b c  |2 rdamedia 
338 |a online resource  |b cr  |2 rdacarrier 
347 |a text file 
520 |a This book is a comprehensive and authoritative guide to voice user interface (VUI) design. The VUI is perhaps the most critical factor in the success of any automated speech recognition (ASR) system, determining whether the user experience will be satisfying or frustrating, or even whether the customer will remain one. This book describes a practical methodology for creating an effective VUI design. The methodology is scientifically based on principles in linguistics, psychology, and language technology, and is illustrated here by examples drawn from the authors' work at Nuance Communications, the market leader in ASR development and deployment. The book begins with an overview of VUI design issues and a description of the technology. The authors then introduce the major phases of their methodology. They first show how to specify requirements and make high-level design decisions during the definition phase. They next cover, in great detail, the design phase, with clear explanations and demonstrations of each design principle and its real-world applications. Finally, they examine problems unique to VUI design in system development, testing, and tuning. Key principles are illustrated with a running sample application. A companion Web site provides audio clips for each example: www.VUIDesign.org The cover photograph depicts the first ASR system, Radio Rex: a toy dog who sits in his house until the sound of his name calls him out. Produced in 1911, Rex was among the few commercial successes in earlier days of speech recognition. Voice User Interface Design reveals the design principles and practices that produce commercial success in an era when effective ASRs are not toys but competitive necessities. 
533 |a Electronic reproduction.  |b Boston, MA :  |c Safari,  |n Available via World Wide Web.  |d 2004. 
538 |a Mode of access: World Wide Web. 
542 |f Copyright © 2004 by Nuance Communications, Inc.  |g 2004 
588 |a Online resource; Title from title page (viewed February 2, 2004) 
500 |a Electronic resource. 
655 7 |a Electronic books.  |2 local 
700 1 |a Giangola, James,  |e author. 
700 1 |a Balogh, Jennifer,  |e author.  |0 http://id.loc.gov/authorities/names/n2003014853 
710 2 |a Safari, an O'Reilly Media Company. 
856 4 0 |u https://proxy.library.tamu.edu/login?url=https://go.oreilly.com/TAMU/library/view/-/0321185765/?ar  |z Connect to this electronic resource  |t 0 
999 f f |s 746d537c-78e3-38e9-8202-dbaaf68c4cd7  |i eacfe325-b15a-3441-a026-69e1d079a237  |t 0 
952 f f |a Texas A&M University  |b College Station  |c Electronic Resources  |s www_evans  |d Available Online  |t 0  |h No information provided 
998 f f |t 0  |l Available Online